000 00407nam a22001457a 4500
008 230405b |||||||| |||| 00| 0 eng d
020 _a978-93-86867-74-2
082 _a428.2
100 _aVinay Sethi
245 _aHow Not to Speak English:
_bover 350 lessons to improve your English
260 _bJaico Publishing House,
_c2018
300 _a320 p.
_c21 cm
942 _2ddc
999 _c9484
_d9485